Vista normal Vista MARC

Entrada Nombre personal

Número de registros utilizados en: 1

001 - NÚMERO DE CONTROL

  • campo de control: 234456

003 - IDENTIFICADOR DE NÚMERO DE CONTROL

  • campo de control: SpMaBN

005 - FECHA Y HORA DE LA ÚLTIMA TRANSACCIÓN

  • campo de control: 20231106211125.0

008 - ELEMENTOS DE DATO DE LONGITUD-FIJA

  • campo de control de longitud fija: 110209n #azznnaabn a aaa ##

024 7# - IDENTIFICADOR DE OTROS ESTÁNDARES

  • Número estándar o código: https://isni.org/isni/0000000114402850
  • Fuente: isni

024 7# - IDENTIFICADOR DE OTROS ESTÁNDARES

  • Número estándar o código: http://viaf.org/viaf/26945664/
  • Fuente: viaf

040 ## - FUENTE DE CATALOGACIÓN

  • Centro catalogador/agencia de origen: SpMaBN
  • Lengua de catalogación: spa
  • Centro/agencia transcriptor: SpMaBN
  • Normas de descripción: rdc
  • Convención/Normas de encabezamiento de materia/tesauro: embne

046 ## - FECHAS CON CODIFICACIÓN ESPECIAL

  • Fecha de la muerte: 1600

100 1# - ENCABEZAMIENTO-NOMBRE DE PERSONA

  • Nombre de persona: Villoldo, Luis de,
  • Fechas asociadas al nombre: m. 1600

375 ## - GÉNERO/SEXO

  • Género: Masculino

400 1# - TRAZADO DE VÉASE--NOMBRE DE PERSONA

  • Nombre de persona: De Villoldo, Luis,
  • Fechas asociadas al nombre: m. 1600

670 ## - FUENTE DE DATOS ENCONTRADOS

  • Cita de la fuente: El obrador de escultura de Rafael de León y Luis de Villoldo, 1991
  • Información encontrada: p. 10 (escultor de Toledo entre 1572-1593) p. 56 (m. 1600)

675 ## - FUENTE DE DATOS NO ENCONTRADOS

  • Cita de la fuente: Espasa